Представление документа в формате MARC21

ПолеНазваниеЗначение
  Тип записи a
  Библиографический уровень m
001 Контрольный номер RU\infra-m\znanium\bibl\2161932
005 Дата корректировки 20260429142238.4
008 Кодируемые данные 260122s2025 RU g rus u
020 Индекс ISBN __
a ISBN 978-5-906923-60-8
020 Индекс ISBN __
a ISBN 978-5-16-106006-3 (электр. издание)
020 Индекс ISBN __
a ISBN 978-5-16-013270-9 (ISBN соиздателя)
040 Источник каталогиз. __
a Служба первич. каталог. Общество с ограниченной ответственностью «ЗНАНИУМ»
041 Код языка издания __
a Код языка текста rus
044 Код страны публикации __
a Код страны публикации RU
080 Индекс УДК __
a Индекс УДК 621.81(075.8)
084 Индекс другой классификации/Индекс ББК __
2 Источник индекса rubbk
a Индекс другой классификации/Индекс ББК 34.44я73
084 Индекс другой классификации/Индекс ББК __
2 Источник индекса okso
a Индекс другой классификации/Индекс ББК 15.03.05
100 Автор __
a Автор Гуревич Ю.Е.
q Полное имя Гуревич Юрий Ефимович
u Дополнение Московский государственный технологический университет "Станкин"
245 Заглавие __
a Заглавие Расчет и основы конструирования деталей машин
b Продолж. заглавия В 2 томах Том 2: Механические передачи; Учебник
c Ответственность Московский государственный технологический университет "Станкин"
250 Сведения об издании __
a Основные сведения об издании 1
260 Выходные данные __
a Место издания Москва
b Издательство ООО "КУРС"
c Дата издания 2026
300 Физическое описание __
a Объем 248 с.
440 Серия __
a Серия Высшее образование
520 Аннотация __
a Аннотация В учебнике изложены основные принципы проектирования и методы расчета механических передач: зубчатых червячных фрикционных цепных и ременных имеющих широкое применение в машиностроении а также передач ограниченного применения: зубчатых с зацеплением Новикова гипоидных планетарных волновых и винтовых. Дается сравнительный анализ этих передач с точки зрения их эксплуатационных параметров. Приведены методы расчетов этих передач (проектировочных и проверочных). Для студентов учреждений высшего профессионального образования. Учебник может быть полезен аспирантам и преподавателям а также специалистам в области машиностроения.
521 Примеч. о цел. назн. __
a Примеч. о целев. назн. ВО - Бакалавриат
650 Тематические рубрики __
a Основная рубрика Промышленность. Энергетика
x Основная подрубрика Общее машиностроение. Машиноведение
655 Указ. предметных рубрик (устаревшее) __
a Жанр/ форма (устаревшее) Учебник
700 Другие авторы __
a Другие авторы Схиртладзе А.Г.
q Полное имя Схиртладзе Александр Георгиевич
u Дополнение Московский государственный технологический университет "Станкин"
856 Электронный адрес документа 4_
a Имя сервера/домена znanium.ru
m Помощь ebs_support@infra-m.ru
n Местонахождение сервера НИЦ ИНФРА-М
u URL https://znanium.ru/catalog/document?id=475470
856 Электронный адрес документа 48
a Имя сервера/домена znanium.ru
d Путь /cover/2161
f Электронное имя 2161932.jpg
q Тип электронного формата image/jpeg
u URL https://znanium.ru/cover/2161/2161932.jpg
911 __
u 0030=https://znanium.ru/catalog/document?id=475470